| 000 | 01059nam0a22002651 4500 | ||
|---|---|---|---|
| 001 | rc\3030624 | ||
| 005 | 20250806201631.0 | ||
| 035 | _a(NLR Aleph) 007171580 | ||
| 090 |
_a20948 _c20948 |
||
| 100 | _a20110930d1945 u y0rusy50 ca | ||
| 101 | 0 | _arus | |
| 102 | _aRU | ||
| 105 | _aa z ||||| | ||
| 200 | 1 |
_aЗимняя эксплоатация материальной части ВВС КА _fинж.-майор Розенович Е.В. _gПод ред. инж.-полк. Л.И. Коваленкова _gВоен. акад. командного и штурманск. состава ВВС Красной Армии |
|
| 210 |
_a[Москва] _cАкадемия _d1945 |
||
| 215 |
_a96 с. _cил. _d22 см |
||
| 700 | 1 |
_aРозенович _bЕ.В. _gЕвгений Васильевич |
|
| 702 | 1 |
_aКоваленков _bЛ.И. _4340 |
|
| 801 | 0 |
_aRU _bNLR _gpsbo |
|
| 801 | 1 |
_aRU _bELAR _2rusmarc |
|
| 852 |
_aNLR _jВ80 Г-6/57 |
||
| 942 | _cBOOK | ||
| 945 | _aРоссийская национальная библиотека | ||
| 980 | _aNB | ||
| 980 | _aBV | ||